000 01066nas a2200265Ia 4500
001 R035/H9990
003 IT-RoPAU
008 151124c99999999xx |||||||||||| ||und||
040 _aIT-RoPAU
040 _cIT-RoPAU
041 _aITALIANO
100 _aAvondola Carlo
_gCodice Aut. SPICS: 35015
210 _aSEGNO CINEMA
222 _aSegno Cinema
245 _aSEGNOSPECIALE: INSIDE MY EYES. LA CRISI DELLO SGUARDO NELL'IMMAGINE-CINEMA CONTEMPORANEO
_bSegnospeciale: Inside My Eyes. La Crisi Dello Sguardo Nell'Immagine-Cinema Contemporaneo
250 _a1a ed.
260 _aVICENZA
_bCINEFORUM
_c2010
501 _bPaulus - SPICS - Società San Paolo EM (non-commercial uses only)
_cCopyright2015
300 _a23 p. [13-35]
500 _aSpazio Ansioso (Filmografia Essenziale). Misteri della Guerra (Filmografiaessenziale). Terra Acqua Fuoco (Filmografia Essenziale). Trionfo della Morte (Filmografia Essenziale).
650 _aCINEMA
_vPUBBLICAZIONE PERIODICA
700 _aGarofalo Marcello
700 _gCodice Aut. SPICS: 27361
942 _cCR
999 _c205364
_d205364